00490pab a2200157 454500008004000000100002400040245007600064260000900140300001200149362001200161650004500173650004400218650002800262700001800290773002400308180718b2011 xxu||||| |||| 00| 0 eng d aTaylor-Gooby, Peter aThe coalition programme: A new vision for Britain or politics as usual? c2011 ap.4-15. aJan-Mar aCoalition of governments - Great Britain aGreat Britain - Politics and government aPolitics and government aStoker, Gerry aPolitical Quarterly